Countries and Empires that ruled Egypt - Statistics

General Stats
  • This quiz has been taken 45 times
    32 since last reset
  • The average score is 10 of 37
Answer Stats
Reign Country / Empire % Correct
30 BC – 641 AD Roman Empire
70%
550 BC – 330 BC Achaemenid Empire
67%
1517 – 1805 Ottoman Empire
67%
1914 – 1922 British Empire
56%
270 AD – 273 AD Byzantine Empire
56%
330 BC – 150 BC Macedonian Empire
48%
1922 – 1952 Kingdom of Egypt
44%
1250 – 1517 Mamluk Sultanate
44%
909 AD – 1171 CE Fatimid Caliphate
41%
632 AD – 661 AD Rashidun Caliphate
41%
1953 – 1958 Republic of Egypt
41%
750 AD – 1258 CE Abbasid Caliphate
37%
1261 – 1517 Abbasid Caliphate
37%
1171 – 1341 Ayyubid Sultanate
37%
661 AD – 750 AD Umayyad Caliphate
37%
1958 – 1970 United Arab Republic
30%
1971 – present Arab Republic of Egypt
26%
1867 – 1914 Khedivate of Egypt
22%
780 BC – 350 AD Kingdom of Kush
19%
911 BC – 609 BC Neo-Assyrian Empire
19%
2686 BC – 2181 BC Old Kingdom of Egypt
19%
2055 BC – 1650 BC Middle Kingdom of Egypt
15%
1550 BC – 1069 BC New Kingdom of Egypt
15%
305 BC – 30 BC Ptolemaic Kingdom
15%
2181 BC – 2055 BC First Intermediate Period
11%
1700 BC – 1550 BC Second Intermediate Period
11%
935 AD – 969 AD Ikhshidid dynasty
7%
651 AD – 1518 CE Kingdom of Makuria
7%
618 AD – 628 AD Sasanian Empire
7%
1077 BC – 664 BC Third Intermediate Period
7%
3150 BC – 2687 BC Archaic Period
4%
664 BC – 332 BC Late Period
4%
1805 – 1867 Muhammad Ali dynasty
4%
868 AD – 905 AD Tulunid Emirate
4%
381 AD – 539 AD Diocese of Egypt
0%
140 BC – 37 BC Hasmonean dynasty
0%
400 AD – 700 AD Nobatia
0%
No matching quizzes found
Score Distribution
Percent of People with Each Score
Percentile by Number Answered
Your Score History
You have not taken this quiz since the last reset